| 000 | 00919nam a22002897a 4500 | ||
|---|---|---|---|
| 001 | 000378 | ||
| 003 | DO-SdBNP | ||
| 005 | 20180123092053.0 | ||
| 007 | 000378 | ||
| 008 | 160708b 2010 mx ||||| |||| 00| 0 spa d | ||
| 020 | _a9786071101181 | ||
| 040 |
_aBPMSU _bspa _cBPMSU |
||
| 082 |
_a869.342 _bS243v |
||
| 100 | 1 |
_aSaramago, José, _d1922-2010. |
|
| 240 | 1 | 0 |
_aA viagem do elefante. _lEspañol |
| 245 | 1 | 0 |
_aEl viaje del elefante / _cJosé Saramago ; traducción de Pilar Del Río. |
| 250 | _a7ª reimp. | ||
| 260 |
_aMéxico, D.F. : _bAlfaguara, _c2010. |
||
| 300 |
_a270 p. ; _c21 cm. |
||
| 500 | _aIncluye datos biográficos de la autor en la solapa de la cubierta. | ||
| 650 | _aNOVELA PORTUGUESA | ||
| 650 | _aLITERATURA PORTUGUESA | ||
| 700 |
_aRío, Pilar del, _d1950- _etr. |
||
| 942 |
_2ddc _cBK |
||
| 945 | _aInventariado extranjero / 2018 VM | ||
| 956 |
_2LOPEREZ _310 _620160708 _8BPMSU _a00041 |
||
| 999 |
_c10770 _d10770 |
||